000 00459nam a2200193Ia 4500
005 20250423095224.0
008 250422s9999 xx 000 0 und d
020 _a9789785270488
050 _aQA 333 .A696/
100 _aAri, Niyazi
245 0 _aEngineering mathematics with maxima
250 _a2nd ed.
260 _aAbuja
260 _bNTNU Publication
260 _c2014
300 _a192 p
650 _aEngineering mathematics.
942 _cBK
999 _c29617
_d29617